000 00567nam a22001697a 4500
005 20251108175012.0
008 250721s2011 xx 000 0 ara d
082 1 4 _a967.73/حمي
100 1 _aحميد، خميس دهام
245 1 0 _aالصومال ومشكلات الوحدة الوطنية من الممالك القبلية إلى المحاكم الإسلامية /
264 1 _aعمان :
_bدار الجنان للنشر،
_c2011.
300 _a323ص.
650 1 7 _aالتاريخ
650 1 7 _aالصومال
942 _2ddc
_cBK
999 _c123626
_d123626